PHOTOSYNTHESIS RESEARCH (Record no. 18742)

MARC details
000 -LEADER
fixed length control field 00431nam a2200145Ia 4500
022 ## - INTERNATIONAL STANDARD SERIAL NUMBER
ISSN 0166-8595
245 #0 - TITLE STATEMENT
Title PHOTOSYNTHESIS RESEARCH
260 ## - PUBLICATION, DISTRIBUTION, ETC. (IMPRINT)
Name of publisher Kluwer Academic Publishers, Amsterdam, The Netherlands
310 ## - CURRENT PUBLICATION FREQUENCY
Current publication frequency 4vy
500 ## - GENERAL NOTE
General note Ending Volume & Year: 65, 2000
500 ## - GENERAL NOTE
General note Missing Volume: 5;7(4);9(3-4);19-22
500 ## - GENERAL NOTE
General note Starting Volume & Year: 1, 1980
942 ## - ADDED ENTRY ELEMENTS (KOHA)
Koha item type Bound Journal
Holdings
Withdrawn status Lost status Damaged status Not for loan Home library Current library Date acquired Accession Number Koha item type
      Bound journals RRII Library RRII Library 31/12/2021 20706J Bound Journal